000 00739nam a2200205 i 4500
001 47932
003 ES-MaACL
005 20230906161651.0
007 t|
008 981117s1844 sp ||||1| spa d
040 _aCAM
_bspa
_cCCPB
100 1 _aCubí y Soler, Mariano.
_941936
245 1 0 _aSistema completo de frenolojía [sic.], con aplicaziones al adelanto i mejoramiento del hombre, individual i sozialmente considerado /
_cpor Mariano Cubí i Soler.
250 _a2ª ed. corr., aum. y notablemente mejorada.
260 _aBarzelona [sic] :
_b[s.n.],
_c1844 (
_fImp. de J. Tauló)
300 _a574 p., [1] h. de lám. ;
_c20 cm.
650 4 _aFrenología.
_9158711
852 _aES-MaACL
_jG-9185
852 _aES-MaACL
_jC-3865
999 _c47932
_d47932